| 000 | 00756nam a2200217 a 4500 | ||
|---|---|---|---|
| 005 | 20180803165422.0 | ||
| 008 | 160303s2007 mx o fr|||| 000 0 spa d | ||
| 020 | _a9709000497 | ||
| 040 |
_aCO-BoIAVH _cCO-BoIAVH |
||
| 041 | 0 | _aspa | |
| 044 | _amx | ||
| 082 | 0 | 4 |
_a581.73 _bS99e |
| 100 | 1 | _aSynnott, Timothy | |
| 245 | 1 | 0 | _aEvaluación de las plantaciones forestales en el área Sian Ka'an-Calakmul |
| 260 |
_aTlalpan : _bComisión Nacional para el Conocimiento y Uso de la Biodiversidad , _c2007. |
||
| 300 |
_a69 páginas : _bFotografías a color ; _c23 x 16 cm. |
||
| 504 | _aIncluye referencias bibliográficas: páginas 65 - 69. | ||
| 650 | 1 | 6 | _aPlantaciones forestales |
| 650 | 2 | 6 | _aArboles forestales |
| 942 |
_cLIBRO _2ddc |
||
| 999 |
_c7017 _d7017 |
||